National Rail Stations in West Sussex - Statistics

General Stats
  • This quiz has been taken 250 times
    245 since last reset
  • The average score is 20 of 37
Answer Stats
Station % Correct
Chichester
90%
Horsham
85%
Worthing
84%
Crawley
82%
Littlehampton
80%
Bognor Regis
75%
Arundel
74%
Gatwick Airport
73%
Three Bridges
73%
Shoreham-by-Sea
69%
Haywards Heath
67%
West Worthing
65%
Barnham
62%
Burgess Hill
61%
Ford
61%
East Worthing
57%
Billingshurst
55%
Goring-by-Sea
55%
Angmering
54%
Lancing
53%
Christs Hospital
49%
Pulborough
47%
Durrington-on-Sea
45%
Amberley
43%
Hassocks
40%
Southwick
39%
Balcombe
37%
Wivelsfield
37%
Bosham
35%
Fishbourne
35%
Ifield
35%
Faygate
33%
Nutbourne
33%
Fishersgate
31%
Southbourne
31%
Littlehaven
29%
Warnham
19%
No matching quizzes found
Score Distribution
Percent of People with Each Score
Percentile by Number Answered
Your Score History
You have not taken this quiz since the last reset